000 00333nam a22001457a 4500
008 210518b ||||| |||| 00| 0 eng d
020 _a9780312406837
041 _aeng
080 _a82
082 _a82
100 _a21
101 _aGJL
245 _aThe Element of the Teaching Writing
_cKatherine Gottschalk
942 _2udc
_cBK
999 _c57412
_d57412